[Event "COL-ch Universities"]
[Site "Santa Marta"]
[Date "2012.10.28"]
[Round "5"]
[White "Hernandez Sanchez, Jairo Andres"]
[Black "Narvaez, Zamir Alexis"]
[Result "0-1"]
[WhiteElo "2307"]
[BlackElo "2174"]
[PlyCount "66"]
[EventDate "2012.10.26"]
[EventType "swiss"]
[EventRounds "6"]
[EventCountry "COL"]
[SourceTitle "EXT 2015"]
[Source "ChessBase"]
[SourceDate "2014.11.20"]
[SourceVersion "1"]
[SourceVersionDate "2014.11.20"]
[SourceQuality "1"]

1. e4 c5 2. Nf3 e6 3. c3 Nf6 4. e5 Nd5 5. d4 cxd4 6. Qxd4 Nc6 7. Qe4 d6 8. Bb5 Bd7 9. exd6 Bxd6 10. 0-0 Qc7 11. Nbd2 a6 12. Ba4 b5 13. Bc2 Nf6 14. Qe2 Nb4 15. Bb3 Nbd5 16. Ne4 Nxe4 17. Qxe4 0-0 18. Rd1 Bc6 19. Qh4 Ne7 20. Rxd6 Qxd6 21. Bf4 Qc5 22. Be3 Qd6 23. Bf4 Qd8 24. Bg5 f6 25. Bxe6+ Kh8 26. Be3 Bxf3 27. gxf3 Qd6 28. Qh3 Rad8 29. Bb3 Qd3 30. Kh1 Nf5 31. Rd1 Qe2 32. Qxf5 Rxd1+ 33. Bxd1 Qf1# 0-1

[Event "Valle Region-ch"]
[Site "Cali"]
[Date "2012.03.18"]
[Round "5.5"]
[White "Barrientos Chavarriaga, Sergio E"]
[Black "Narvaez, Zamir Alexis"]
[Result "1-0"]
[WhiteElo "2519"]
[BlackElo "2174"]
[PlyCount "73"]
[EventDate "2012.03.16"]
[EventType "swiss"]
[EventRounds "7"]
[EventCountry "COL"]
[SourceTitle "EXT 2024"]
[Source "ChessBase"]
[SourceDate "2023.10.10"]
[SourceVersion "1"]
[SourceVersionDate "2023.10.10"]
[SourceQuality "1"]

1. e4 c5 2. Nf3 g6 3. d4 cxd4 4. Nxd4 Nc6 5. c4 Nf6 6. Nc3 Nxd4 7. Qxd4 d6 8. Bg5 Bg7 9. Qd2 0-0 10. Bd3 Be6 11. 0-0 Rc8 12. b3 Qa5 13. Rac1 Rfe8 14. Kh1 Nd7 15. f4 f6 16. Bh4 a6 17. Qe2 Nc5 18. Bb1 Bd7 19. Nd5 Qd8 20. f5 g5 21. Bf2 b5 22. b4 Na4 23. c5 Bc6 24. Rfd1 Qd7 25. Bd4 dxc5 26. bxc5 Qb7 27. a3 a5 28. Ba2 Kh8 29. Rd3 Red8 30. Rh3 Be8 31. Bg1 Rc6 32. e5 fxe5 33. f6 exf6 34. Qe4 h6 35. Nxf6 Bg6 36. Qxg6 Rxf6 37. Rxh6+ 1-0

[Event "Valle Region-ch"]
[Site "Cali"]
[Date "2012.03.18"]
[Round "6.7"]
[White "Narvaez, Zamir Alexis"]
[Black "Salazar, Marco A"]
[Result "1-0"]
[WhiteElo "2174"]
[BlackElo "1885"]
[PlyCount "57"]
[EventDate "2012.03.16"]
[EventType "swiss"]
[EventRounds "7"]
[EventCountry "COL"]
[SourceTitle "EXT 2024"]
[Source "ChessBase"]
[SourceDate "2023.10.10"]
[SourceVersion "1"]
[SourceVersionDate "2023.10.10"]
[SourceQuality "1"]

1. e4 d5 2. exd5 Qxd5 3. Nc3 Qd6 4. d4 c6 5. Nf3 Bg4 6. h3 Bxf3 7. Qxf3 Nf6 8. Bd2 e6 9. 0-0-0 Qc7 10. g4 h6 11. h4 Nbd7 12. Bh3 Nb6 13. g5 hxg5 14. hxg5 Nfd5 15. g6 f5 16. Rhe1 Rxh3 17. Qxh3 Kd7 18. Qd3 Be7 19. Nxd5 Nxd5 20. c4 Nb6 21. Qe2 Qd6 22. c5 Qd5 23. cxb6 Qxa2 24. d5 Qa1+ 25. Kc2 Qa4+ 26. Kb1 Qe4+ 27. Qxe4 fxe4 28. dxe6+ Kxe6 29. Rxe4+ 1-0

[Event "COL-ch U20"]
[Site "Bogota"]
[Date "2012.02.16"]
[Round "3"]
[White "Narvaez, Zamir Alexis"]
[Black "Torres, Juan Camilo"]
[Result "1/2-1/2"]
[WhiteElo "2177"]
[BlackElo "2278"]
[PlyCount "75"]
[EventDate "2012.02.15"]
[EventType "swiss"]
[EventRounds "7"]
[EventCountry "COL"]
[SourceTitle "CBM 147 Extra"]
[Source "ChessBase"]
[SourceDate "2012.04.24"]
[SourceVersion "1"]
[SourceVersionDate "2012.04.24"]
[SourceQuality "1"]

1. e4 c5 2. Nf3 e6 3. d4 cxd4 4. Nxd4 a6 5. Bd3 Nc6 6. Nxc6 dxc6 7. Nd2 Qc7 8. b3 e5 9. Bb2 Nf6 10. Qf3 Be6 11. 0-0 Bd6 12. Bc4 Bg4 13. Qg3 0-0 14. h3 Bh5 15. Bd3 b5 16. c4 Qa5 17. Qe3 b4 18. Qg3 Bg6 19. c5 Nh5 20. Qf3 Qxc5 21. Rac1 Qb6 22. Nc4 Qb8 23. Nxd6 Qxd6 24. Rfd1 Nf4 25. Bb5 Qe7 26. Bxc6 Rac8 27. Bd5 Bh5 28. g4 Bg6 29. Rxc8 Rxc8 30. Bc1 Rc3 31. Be3 h5 32. Rc1 Qc7 33. Rd1 hxg4 34. hxg4 Qe7 35. Rc1 Nxd5 36. exd5 e4 37. Qf4 Rxc1+ 38. Bxc1 1/2-1/2

[Event "COL-ch U20"]
[Site "Bogota"]
[Date "2012.02.15"]
[Round "2"]
[White "Narvaez, Zamir Alexis"]
[Black "Martinez Romero, Martin"]
[Result "1-0"]
[WhiteElo "2177"]
[BlackElo "2360"]
[PlyCount "63"]
[EventDate "2012.02.15"]
[EventType "swiss"]
[EventRounds "7"]
[EventCountry "COL"]
[SourceTitle "CBM 147 Extra"]
[Source "ChessBase"]
[SourceDate "2012.04.24"]
[SourceVersion "1"]
[SourceVersionDate "2012.04.24"]
[SourceQuality "1"]

1. e4 c5 2. Nf3 d6 3. d4 cxd4 4. Nxd4 Nf6 5. Nc3 a6 6. Be3 e5 7. Nf3 Qc7 8. a4 h6 9. a5 Be6 10. Be2 Nbd7 11. 0-0 Be7 12. Re1 0-0 13. Nd5 Nxd5 14. exd5 Bg4 15. Qc1 f5 16. c4 f4 17. Bb6 Nxb6 18. axb6 Qd7 19. h3 Bf5 20. c5 dxc5 21. Nxe5 Qd6 22. Nc4 Qg6 23. Qxf4 Bf6 24. Ra3 Rae8 25. Rg3 Qh7 26. Qc1 Bh4 27. Re3 Rd8 28. d6 Qg6 29. Ne5 Qxd6 30. Qc4+ Kh7 31. Qxh4 Qxb6 32. Bd3 1-0

[Event "Cali Region-ch U18"]
[Site "Cali"]
[Date "2011.12.05"]
[Round "4.3"]
[White "Diaz, Cristian Camilo"]
[Black "Narvaez, Zamir Alexis"]
[Result "0-1"]
[WhiteElo "1995"]
[BlackElo "2177"]
[PlyCount "67"]
[EventDate "2011.12.04"]
[EventType "swiss"]
[EventRounds "7"]
[EventCountry "COL"]
[SourceTitle "EXT 2024"]
[Source "ChessBase"]
[SourceDate "2023.10.10"]
[SourceVersion "1"]
[SourceVersionDate "2023.10.10"]
[SourceQuality "1"]

1. e4 c5 2. Nf3 e6 3. d4 cxd4 4. Nxd4 Nf6 5. Bd3 Nc6 6. Nxc6 bxc6 7. Bg5 h6 8. Bh4 e5 9. 0-0 Bc5 10. Nd2 a5 11. Qf3 g5 12. Bg3 d6 13. Qe2 h5 14. h4 Bg4 15. Nf3 Nh7 16. Bc4 gxh4 17. Bxh4 Bxf3 18. Qxf3 Qxh4 19. Qxf7+ Kd8 20. Qb7 Rc8 21. Be6 Rc7 22. Qb8+ Ke7 23. Qxh8 Kxe6 24. Qg8+ Rf7 25. Qe8+ Qe7 26. Qxc6 Ng5 27. Qc8+ Kf6 28. Qh8+ Kg6 29. Qg8+ Rg7 30. Qb3 Kh6 31. Rae1 Qf6 32. Kh1 Qf4 33. Qg3 Rf7 34. Re2 0-1

[Event "Cali Region-ch U18"]
[Site "Cali"]
[Date "2011.12.05"]
[Round "3.2"]
[White "Narvaez, Zamir Alexis"]
[Black "Valencia, Adrian David"]
[Result "1/2-1/2"]
[WhiteElo "2177"]
[BlackElo "1901"]
[PlyCount "87"]
[EventDate "2011.12.04"]
[EventType "swiss"]
[EventRounds "7"]
[EventCountry "COL"]
[SourceTitle "EXT 2024"]
[Source "ChessBase"]
[SourceDate "2023.10.10"]
[SourceVersion "1"]
[SourceVersionDate "2023.10.10"]
[SourceQuality "1"]

1. e4 e5 2. Nf3 d6 3. d4 Nd7 4. Bc4 c6 5. Nc3 b5 6. Bb3 Be7 7. d5 Bb7 8. 0-0 Ngf6 9. Bg5 0-0 10. Re1 a6 11. dxc6 Bxc6 12. Bxf6 Nxf6 13. Bd5 Rc8 14. Bxc6 Rxc6 15. a3 Qb6 16. Qd3 Rfc8 17. Re2 b4 18. Nd5 Nxd5 19. exd5 Rc4 20. axb4 Qxb4 21. c3 Qb7 22. Ne1 R8c5 23. Rd1 a5 24. Nc2 Bg5 25. Na3 Ra4 26. Qc2 Rf4 27. g3 Rf6 28. f4 Bh6 29. Qa4 g6 30. Qe8+ Bf8 31. fxe5 dxe5 32. d6 Rc8 33. d7 Qb6+ 34. Rd4 Rxe8 35. dxe8Q exd4 36. cxd4 Qxd4+ 37. Kg2 Qd5+ 38. Qe4 Qxe4+ 39. Rxe4 Bxa3 40. bxa3 Rb6 41. Re5 Rb2+ 42. Kh3 a4 43. Re4 Kg7 44. Rxa4 1/2-1/2

[Event "Cali Region-ch U18"]
[Site "Cali"]
[Date "2011.12.04"]
[Round "1.1"]
[White "Narvaez, Zamir Alexis"]
[Black "Parra Meza, Brayan"]
[Result "1-0"]
[WhiteElo "2177"]
[BlackElo "1816"]
[PlyCount "45"]
[EventDate "2011.12.04"]
[EventType "swiss"]
[EventRounds "7"]
[EventCountry "COL"]
[SourceTitle "EXT 2024"]
[Source "ChessBase"]
[SourceDate "2023.10.10"]
[SourceVersion "1"]
[SourceVersionDate "2023.10.10"]
[SourceQuality "1"]

1. e4 e5 2. Nf3 Nc6 3. Bb5 a6 4. Ba4 Nf6 5. d4 exd4 6. 0-0 Be7 7. e5 Nd5 8. Nxd4 Nb6 9. Nf5 0-0 10. Qg4 g6 11. Nh6+ Kg7 12. Nf5+ Kh8 13. Nxe7 Qxe7 14. Bh6 Re8 15. Bg5 Qxe5 16. Qh4 Kg8 17. Nc3 Nxa4 18. Bf6 Qf5 19. Rae1 Re6 20. Rxe6 Qxe6 21. Nd5 Qd6 22. Nxc7 Rb8 23. Re1 1-0

[Event "Pan American-ch U20"]
[Site "Cali"]
[Date "2010.05.24"]
[Round "7"]
[White "Blit, Jacques"]
[Black "Narvaez, Zamir Alexis"]
[Result "1/2-1/2"]
[WhiteElo "2307"]
[BlackElo "2168"]
[PlyCount "112"]
[EventDate "2010.05.20"]
[EventType "swiss"]
[EventRounds "9"]
[EventCountry "COL"]
[SourceTitle "CBM 136 Extra"]
[Source "ChessBase"]
[SourceDate "2010.07.02"]
[SourceVersion "2"]
[SourceVersionDate "2010.07.15"]
[SourceQuality "1"]

1. d4 d5 2. Nf3 c6 3. Bf4 Nf6 4. e3 Bg4 5. Nbd2 Nbd7 6. Bd3 e6 7. 0-0 Be7 8. c4 0-0 9. cxd5 exd5 10. Qc2 Re8 11. Ne5 Bh5 12. Ndf3 Bxf3 13. gxf3 Nf8 14. Bg3 Bd6 15. b4 a5 16. bxa5 Rxa5 17. Rfb1 Ra7 18. f4 Nh5 19. a4 g6 20. a5 f6 21. Nf3 Qc8 22. Kg2 Qd7 23. a6 Rea8 24. axb7 Rxa1 25. bxa8B Rxa8 26. Rc1 Rc8 27. f5 Nxg3 28. hxg3 Kg7 29. fxg6 hxg6 30. Nh4 f5 31. Rh1 Be7 32. Nxg6 Kxg6 33. Bxf5+ Qxf5 34. Rh6+ Kxh6 35. Qxf5 Rd8 36. f4 Ng6 37. Qh3+ Kg7 38. f5 Nf8 39. Qg4+ Kh7 40. Qh5+ Kg7 41. g4 Rd6 42. Qe8 Bg5 43. Kf2 Rf6 44. Ke2 Rh6 45. Kd1 Rh1+ 46. Kc2 Rh2+ 47. Kd3 Rh6 48. Qe5+ Kg8 49. Kc2 Rf6 50. Kc3 Kf7 51. Qc7+ Kg8 52. Kd3 Nh7 53. Qc8+ Nf8 54. Qe8 Kg7 55. Kc3 Rh6 56. Kb4 Kg8 1/2-1/2

[Event "Pan American-ch U20"]
[Site "Cali"]
[Date "2010.05.23"]
[Round "5"]
[White "Narvaez, Zamir Alexis"]
[Black "Barros, Raul Junior"]
[Result "1-0"]
[WhiteElo "2168"]
[BlackElo "2076"]
[PlyCount "75"]
[EventDate "2010.05.20"]
[EventType "swiss"]
[EventRounds "9"]
[EventCountry "COL"]
[SourceTitle "CBM 136 Extra"]
[Source "ChessBase"]
[SourceDate "2010.07.02"]
[SourceVersion "2"]
[SourceVersionDate "2010.07.15"]
[SourceQuality "1"]

1. e4 c5 2. Nf3 e6 3. d4 cxd4 4. Nxd4 Nf6 5. Nc3 d6 6. Be3 a6 7. f3 b5 8. Qd2 Nbd7 9. 0-0-0 Bb7 10. g4 b4 11. Na4 Qa5 12. b3 Nc5 13. a3 Nxa4 14. axb4 Qc7 15. bxa4 d5 16. e5 Nd7 17. f4 Nb6 18. a5 Na4 19. c4 dxc4 20. Bg2 c3 21. Qa2 Nb2 22. Nxe6 fxe6 23. Qxe6+ Be7 24. Bb6 Bc8 25. Bc6+ Kf8 26. Qd5 Qb8 27. Bxa8 Nxd1 28. Rxd1 Bxg4 29. Rd4 Qe8 30. Bc5 Bxc5 31. Qxc5+ Kf7 32. Bd5+ Kg6 33. Be4+ Kh6 34. e6 Qh5 35. Rd7 Rg8 36. Rd6 Qh4 37. e7+ g6 38. Qg5+ 1-0